LDR 00961nam a2200205 4500 001 000000366976 003 CaOOAMICUS 005 20260323151722.0 008 260323s1944 it a 000 u ita r 040 $aSeMil$bita 100 1 $aFacioli, Ettore.$0(OLS)http://semarc/name/123977 245 10$aVita di S. Lanfranco Beccari :$bVescovo di Pavia, oblato vallombrosano /$csac. Ettore Facioli. 264 1$aPavia :$bScuola Tipografica Artigianelli,$c1944. 300 $a77 p., [9] c. di tav. ;$c18 cm 600 04$aLanfranco
.$0(OLS)http://semarc/subject/5696 850 $aSeMil 852 $aSeMil$W1$xVenegono$y1$m5C IX 2/13$j268848$B257718$CSeMilBibl$Z2$F257718 $8M 996 $6245$aVita di S. Lanfranco Beccari :$bVescovo di Pavia, oblato vallombrosano$9(OLS)http://semarc/title/458785 996 $6264$aPavia :$bScuola Tipografica Artigianelli$9(OLS)http://semarc/publisher/36134